|
|
|
|
| LEADER |
00853nam a2200217 a 4500 |
| 001 |
4819768 |
| 008 |
090618s1989 ilu 000 0 eng d |
| 010 |
|
|
|a 89060142
|
| 020 |
|
|
|a 8178091283
|
| 040 |
|
|
|a DLC
|c DLC
|d DLC
|
| 082 |
0 |
0 |
|a 158/.2
|2 20
|
| 100 |
1 |
|
|a Maxwell, John C.,
|d 1947-
|
| 245 |
1 |
0 |
|a Be a people person /
|c John C. Maxwell.
|
| 260 |
|
|
|a Wheaton, IL ;
|a Mumbai,India:
|b Victor Books;
|b Magna Publishing Co.,
|c c1989.
|
| 300 |
|
|
|a 156 p. ;
|c 24 cm.
|
| 541 |
1 |
|
|e 00009585
|
| 650 |
|
0 |
|a Interpersonal relations
|x Religious aspects
|x Christianity.
|
| 852 |
4 |
|
|a Ayesha Abed Library
|j General Shelf.
|
| 942 |
0 |
0 |
|0 1
|
| 999 |
|
|
|c 1814
|d 1814
|
| 952 |
|
|
|0 0
|1 0
|2 ddc
|4 0
|6 158_200000000000000_MAX_2002
|7 0
|9 1662
|a BRACUL
|b BRACUL
|c GEN
|d 2009-06-29
|g 0.00
|l 17
|m 160
|o 158.2 MAX
|p 3010009585
|r 2026-04-29
|s 2026-04-20
|t 1
|w 2009-06-29
|y BK
|x No price found in the accession register.
|